The practical hand book of group counseling (Record no. 4000)

MARC details
000 -LEADER
fixed length control field 00406nam a22001577a 4500
008 - FIXED-LENGTH DATA ELEMENTS--GENERAL INFORMATION
fixed length control field 250630b |||||||| |||| 00| 0 eng d
020 ## - INTERNATIONAL STANDARD BOOK NUMBER
ISBN 9781426920721
100 ## - MAIN ENTRY--AUTHOR
Author Glass Sheldon D.
245 ## - TITLE STATEMENT
Title The practical hand book of group counseling
250 ## - EDITION STATEMENT
Edition statement 2nd
260 ## - PUBLICATION, DISTRIBUTION, ETC. (IMPRINT)
Place of publication N.P
Name of publisher GHP practical handbook
Date of publication 2010
300 ## - COLLATION
Pagination x,389p.
650 ## - TRACINGS
Main Subject Group counseling
942 ## - ADDED ENTRY ELEMENTS (KOHA)
Item type Books
050 ## - LIBRARY OF CONGRESS CALL NUMBER
Classification number BF637.C6
Item number .G53
Holdings
Source of classification or shelving scheme Not for loan Permanent location Current location Date acquired Accession No. Full call number Barcode. Koha item type
Library of Congress Classification   Samuel Ogbemudia Main Library, University of Abuja Samuel Ogbemudia Main Library, University of Abuja 06/30/2025 2025/64906 BF637.C6.G53 2025-2708 Books
Library of Congress Classification   Samuel Ogbemudia Main Library, University of Abuja Samuel Ogbemudia Main Library, University of Abuja 06/30/2025 2025/64906 BF637.C6.G53 2025-2709 Books